000 00916nam a2200253 i 4500
001 188089
003 SpMaBN
005 20230906223117.0
008 180427s1969 sp ef c |||| | spa d
080 _a7:069(460.27 M.)(036)
110 2 _aMuseo Cerralbo.
_95832
245 1 0 _aMuseo Cerralbo /
_c[guía redactada por Consuelo Sanz-Pastor y Fernández de Piérola].
250 _a2ª ed.
260 _a[Madrid] :
_bDirección General de Bellas Artes,
_c1969.
300 _a57 p., [62] p. de lám. :
_b2 planos ;
_c20 cm.
490 1 _aGuías de los museos de España ;
_v5
504 _aBibliografía: p. 55.
610 2 7 _aMuseo Cerralbo.
_95832
700 1 _aSanz-Pastor y Fernández de Piérola, Consuelo.
_9103672
710 1 _aEspaña.
_bDirección General de Bellas Artes.
_93704
830 0 _aGuías de los museos de España ;
_v5
_9181344
852 _aES-MaACL
_jL-31979
999 _c188089
_d188089